<?xml version="1.0" encoding="UTF-8"?>
<record
    xmlns:xsi="http://www.w3.org/2001/XMLSchema-instance"
    xsi:schemaLocation="http://www.loc.gov/MARC21/slim http://www.loc.gov/standards/marcxml/schema/MARC21slim.xsd"
    xmlns="http://www.loc.gov/MARC21/slim">

  <leader>01747nam a22002057a 4500</leader>
  <controlfield tag="003">OSt</controlfield>
  <controlfield tag="005">20260415100020.0</controlfield>
  <controlfield tag="008">260415b        |||||||| |||| 00| 0 eng d</controlfield>
  <datafield tag="020" ind1=" " ind2=" ">
    <subfield code="a">9781471534980</subfield>
  </datafield>
  <datafield tag="082" ind1=" " ind2=" ">
    <subfield code="2">9781471534980</subfield>
    <subfield code="a">9781471534980</subfield>
    <subfield code="b">9781471534980</subfield>
  </datafield>
  <datafield tag="100" ind1=" " ind2=" ">
    <subfield code="a"> Virginia Evans </subfield>
  </datafield>
  <datafield tag="245" ind1=" " ind2=" ">
    <subfield code="a">On Screen 3 - Student's Book </subfield>
  </datafield>
  <datafield tag="250" ind1=" " ind2=" ">
    <subfield code="a">3</subfield>
  </datafield>
  <datafield tag="260" ind1=" " ind2=" ">
    <subfield code="a">E.E U,U</subfield>
    <subfield code="b"> &#x200E; Express Publishing</subfield>
    <subfield code="c">2015</subfield>
  </datafield>
  <datafield tag="300" ind1=" " ind2=" ">
    <subfield code="a">185 PAG </subfield>
    <subfield code="c"> 27,6 x 21,6 cm.</subfield>
  </datafield>
  <datafield tag="490" ind1=" " ind2=" ">
    <subfield code="3">acabado plastificado mate o semibrillante.</subfield>
  </datafield>
  <datafield tag="520" ind1=" " ind2=" ">
    <subfield code="a">On Screen es una serie de nueve cursos para estudiantes de ingl&#xE9;s desde el nivel de principiante hasta el nivel de competencia. La serie combina el aprendizaje activo del ingl&#xE9;s con una variedad de temas animados presentados en m&#xF3;dulos tem&#xE1;ticos. Caracter&#xED;sticas clave Un enfoque integrado para el desarrollo de las cuatro habilidades ling&#xFC;&#xED;sticas Nociones y funciones Presentaci&#xF3;n y pr&#xE1;ctica del vocabulario Variedad de tareas de lectura, comprensi&#xF3;n auditiva y expresi&#xF3;n oral Presentaci&#xF3;n de la gram&#xE1;tica en contexto Actividades que fomentan el pensamiento cr&#xED;tico as&#xED; como la investigaci&#xF3;n web Secciones de escritura que contienen modelos y desarrollo de habilidades de escritura y banco de escritura Actividades realistas de trabajo en grupo y trabajo en pareja Secciones de pronunciaci&#xF3;n e entonaci&#xF3;n Habilidades de estudio para ayudar a los estudiantes a convertirse en aprendices aut&#xF3;nomos Secciones pr&#xE1;cticas de ingl&#xE9;s que preparan a los estudiantes para usar el idioma en situaciones de la vida real Secciones culturales y CLIL para cada m&#xF3;dulo Revisi&#xF3;n de idiomas Secci&#xF3;n de referencia de gram&#xE1;tica Pizarra blanca interactiva (IWB) Software</subfield>
  </datafield>
  <datafield tag="700" ind1=" " ind2=" ">
    <subfield code="a"> Virginia Evans</subfield>
  </datafield>
  <datafield tag="942" ind1=" " ind2=" ">
    <subfield code="2">ddc</subfield>
    <subfield code="c">BKA</subfield>
    <subfield code="n">0</subfield>
  </datafield>
  <datafield tag="952" ind1=" " ind2=" ">
    <subfield code="0">0</subfield>
    <subfield code="1">0</subfield>
    <subfield code="2">ddc</subfield>
    <subfield code="4">0</subfield>
    <subfield code="7">0</subfield>
    <subfield code="8">F02</subfield>
    <subfield code="a">ISUS</subfield>
    <subfield code="b">ISUS</subfield>
    <subfield code="c">Biblioteca Abierta</subfield>
    <subfield code="d">2026-04-15</subfield>
    <subfield code="e">IDIOMAS </subfield>
    <subfield code="f">0495</subfield>
    <subfield code="i">0495</subfield>
    <subfield code="l">0</subfield>
    <subfield code="o">INGLES </subfield>
    <subfield code="p">IDIOMA0495</subfield>
    <subfield code="r">2026-04-15 09:59:44</subfield>
    <subfield code="t">1</subfield>
    <subfield code="w">2026-04-15</subfield>
    <subfield code="y">BKA</subfield>
  </datafield>
  <datafield tag="999" ind1=" " ind2=" ">
    <subfield code="c">2071</subfield>
    <subfield code="d">2071</subfield>
  </datafield>
</record>
